| 000 | 00331 a2200145 4500 | ||
|---|---|---|---|
| 999 |
_c317580 _d317580 |
||
| 001 | 82507 | ||
| 003 | NUST | ||
| 005 | 20180119193238.0 | ||
| 008 | 180119b xxu||||| |||| 00| 0 eng d | ||
| 082 | _a891.4393 JAV | ||
| 100 |
_aJaved Chaudary _99144 |
||
| 245 | _aZero Point 6 | ||
| 260 |
_aLahore _bAbdullah Academy _c2009 |
||
| 300 | _a400p. | ||
| 500 | _aGeneral Books | ||
| 505 | _aAHQ Books | ||
| 942 |
_aCAENUST _cBK _k891.4393 JAV _2ddc |
||